Linguaggio nella filosofia tra Seicento e Settecento (Il) (Record n. 77785)
[ formato base ]
| 000 -LEADER | |
|---|---|
| fixed length control field | 01631nam a2200313Ia 4500 |
| 001 - CONTROL NUMBER | |
| control field | C0589 |
| 003 - CONTROL NUMBER IDENTIFIER | |
| control field | IT-RoPAU |
| 008 - FIXED-LENGTH DATA ELEMENTS--GENERAL INFORMATION | |
| fixed length control field | 130308s9999 xx 000 0 und d |
| 040 ## - CATALOGING SOURCE | |
| Original cataloging agency | IT-RoPAU |
| 040 ## - CATALOGING SOURCE | |
| Transcribing agency | IT-RoPAU |
| 041 ## - LANGUAGE CODE | |
| Language code of text/sound track or separate title | ITALIANO |
| 100 ## - MAIN ENTRY--PERSONAL NAME | |
| Personal name | AA.VV. |
| 100 ## - MAIN ENTRY--PERSONAL NAME | |
| Miscellaneous information | Codice Aut. SPICS: 12000 |
| 245 ## - TITLE STATEMENT | |
| Title | Linguaggio nella filosofia tra Seicento e Settecento (Il) |
| 245 ## - TITLE STATEMENT | |
| Remainder of title | Filosofi e Il Linguaggio (I)-Antologia |
| 250 ## - EDITION STATEMENT | |
| Edition statement | 1a ed. |
| 260 ## - PUBLICATION, DISTRIBUTION, ETC. (IMPRINT) | |
| Place of publication, distribution, etc. | BOLOGNA |
| 260 ## - PUBLICATION, DISTRIBUTION, ETC. (IMPRINT) | |
| Name of publisher, distributor, etc. | Esculapio |
| 260 ## - PUBLICATION, DISTRIBUTION, ETC. (IMPRINT) | |
| Date of publication, distribution, etc. | 1993 [1° Ed.:1993 - Ed.Ling.Originale:1993] |
| 300 ## - PHYSICAL DESCRIPTION | |
| Extent | "133 p. (prefazione: no ; testo: 133 [pagine: 113-245])" |
| 500 ## - GENERAL NOTE | |
| General note | Razionalisti ed Empiristi nel XVII Secolo: Idee, Linguaggio e Realtà. Età Classica e Il Linguaggio della Ragione: Descartes, Port Royal, Leibniz. Empirismo Inglese: Linguaggio e Critica della Metafisica, Hobbes, Nominalismo Linguistico e istituzione della Verità, Locke e Il Linguaggio Come Strumento di Analisi del pensiero , Berkeley, Filosofia del Segno e Critica del Linguaggio, Hume. tre Saggi Dull'Intelletto Umano: pensiero , Linguaggio e Conoscenza, Condillac, Genesi delle Idee e del Segno. Filosfia e Filologia. Vico: Storia Universale, Linguaggio e Cultura. Illuminismo Francese: pensiero , Linguaggio, Natura e Società, Maupertuis, Determinismo Linguistico e Molteplicità delle Lingue, Diderot, Estetica e Linguistica, Rousseau, Stato di Natura e Stato Sociale, Enciclopedia. |
| 650 ## - SUBJECT ADDED ENTRY--TOPICAL TERM | |
| Topical term or geographic name as entry element | LINGUISTICA |
| 650 ## - SUBJECT ADDED ENTRY--TOPICAL TERM | |
| Relator term | Codice materia Spics: 3201 |
| 700 ## - ADDED ENTRY--PERSONAL NAME | |
| Personal name | Gallotti Cecilia |
| 700 ## - ADDED ENTRY--PERSONAL NAME | |
| Miscellaneous information | Codice Aut. SPICS: 40088 |
| 942 ## - ADDED ENTRY ELEMENTS (KOHA) | |
| Koha item type | LIBRO |
| 957 ## - | |
| -- | 1 |
| 999 ## - SYSTEM CONTROL NUMBERS (KOHA) | |
| -- | 1 |
| Withdrawn status | Lost status | Damaged status | Not for loan | Home library | Current library | Date acquired | Total Checkouts | Full call number | Date last seen | Price effective from | Koha item type | Public note |
|---|---|---|---|---|---|---|---|---|---|---|---|---|
| Buone Condizioni | Not For Loan | SPICS-MEDIATECA | SPICS-MEDIATECA | 08/03/2013 | C0589 | 08/03/2013 | 08/03/2013 | LIBRO | Progressivo inserimento: 2581 / N. Volumi: 0 [=Contributo] Copie: 1 / data import: 1 marzo 2013 - By Epidotti, Trombetti, Vaglietti. |